000 00988nam a2200277Ia 4500
001 Para_2944
003 CHAP
008 220125s1983 xx 000 0 und d
010 _a201484
040 _cCHAP
090 _aPA FOLLETO 2966
100 _aCruz Fernández, Mario
_929373
245 _aGuía para producir maíz en el sistema roza-tumba-quema en Quintana Roo /
_c por Mario Cruz Fernández y Gerònimo Adame González
260 _aChetumal, Q. R. :
_b INIA. Campo Agrícola Experimental de Chetumal
300 _a11 p.
440 _aFolleto para productores; 8
_9166408
650 _aMaíz
_x Quintana Roo Roza I. Adame González, Gerónimo
_9166409
710 _aInstituto Nacional de Investigaciones Agrícolas. México. Campo Agrícola Experimental Chetumal
_9166410
901 _aPA FOLLETO 2966
902 _aA
905 _a0000001983 CHEa 0000000000 00
910 _a1983
942 _cPARA
942 _cPARA
_d1
999 _c201484
_d201484